000 00450cam a2200145 4500500
005 20251012003917.0
041 _afre
042 _adc
100 1 0 _aGamblin, Guillaume
_eauthor
245 0 0 _aPetit traité de vélosophie. Didier Tronchet
260 _c2020.
500 _a93
786 0 _nSilence | 492 | 10 | 2020-08-08 | p. 34-35 | 0756-2640
856 4 1 _uhttps://shs.cairn.info/revue-silence-2020-10-page-34?lang=fr&redirect-ssocas=7080
999 _c1513605
_d1513605